Loading...
| Social Science | 0 | 7 | 1 | 4 | 65 | 83 | 113.00 | 0 | 3 | 0.00 | 0.00 |
| Literature - American | 0 | 6 | 1 | 3 | 55 | 84 | 109.17 | 1 | 5 | 0.00 | 0.00 |
| Literature - World | 0 | 5 | 1 | 2 | 45 | 106 | 135.00 | 0 | 5 | 0.00 | 0.00 |
| Fine Arts - Classical Music | 0 | 5 | 1 | 1 | 45 | 79 | 109.60 | 1 | 4 | 0.00 | 0.00 |
| Literature - British | 0 | 5 | 2 | 1 | 40 | 84 | 119.80 | 0 | 3 | 0.00 | 0.00 |
| Fine Arts - Painting and Sculpture | 0 | 3 | 0 | 0 | 30 | 36 | 78.33 | 1 | 2 | 0.00 | 0.00 |
| Religion | 0 | 2 | 0 | 0 | 20 | 107 | 115.50 | 0 | 1 | 0.00 | 0.00 |
| Literature - European | 0 | 3 | 2 | 0 | 20 | 84 | 99.00 | 1 | 2 | 0.00 | 0.00 |
| Science - Other | 0 | 2 | 0 | 0 | 20 | 74 | 94.00 | 0 | 1 | 0.00 | 0.00 |
| Philosophy | 0 | 2 | 1 | 0 | 15 | 87 | 120.00 | 0 | 1 | 0.00 | 0.00 |
| Fine Arts - Other | 0 | 2 | 1 | 0 | 15 | 101 | 113.50 | 0 | 2 | 0.00 | 0.00 |
| Science - Biology | 0 | 1 | 0 | 0 | 10 | 84 | 84.00 | 0 | 1 | 0.00 | 0.00 |
| Science - Chemistry | 0 | 1 | 0 | 0 | 10 | 86 | 86.00 | 0 | 1 | 0.00 | 0.00 |
| Mythology | 0 | 1 | 0 | 0 | 10 | 91 | 91.00 | 0 | 1 | 0.00 | 0.00 |
| Geography | 0 | 1 | 0 | 0 | 10 | 105 | 105.00 | 0 | 0 | 0.00 | 0.00 |